000 00676nam a2200265Ia 4500
005 20260121170213.0
008 008 260114s9999 xx 000 0 eng d
020 _a9789811049200
037 _aEBOOK
040 _aCRL
040 _beng
040 _cCRL
041 _2eng
041 _aeng
084 _qCRL
100 _aXianlin Song, Youzhong Sun
_91061052
245 0 _aTranscultural Encounters in Knowledge Production and Consumption
260 _bSpringer
260 _bSpringer
260 _c2018
856 _uhttps://link.springer.com/openurl?genre=book&isbn=978-981-10-4920-0
942 _cEBOOK
999 _c1626781
_d1626781